| 000 | 00459nam a2200181Ia 4500 | ||
|---|---|---|---|
| 008 | 230524s9999 xx 000 0 und d | ||
| 020 | _a9788120321823 | ||
| 082 |
_a537 _bKAP |
||
| 100 | _aSatish K.Kapoor | ||
| 245 | 0 | _aBasics of Distribution Management: A Logical Approach | |
| 250 | _aIST | ||
| 260 |
_aNEW DELHI _bPHI _c2009 |
||
| 300 | _aVIII;257 | ||
| 500 | _aQuantity Number: 4 | ||
| 650 | _aManagement | ||
| 700 | _a Purva Kansal | ||
| 942 | _cBK | ||
| 999 |
_c45956 _d45956 |
||